000 00700cam a2200193za 4500
005 20230403145102.0
008 230403e201706uuxxk | |||||||0|0 eng|d
020 _a9780414058101 (pbk.) :
020 _a0414058100 (pbk.) :
041 _aeng
082 0 4 _a343.41078624
245 1 0 _aJCT: Construction Management Trade Contract 2016.
_bCM/TC 2016
260 _aLondon :
_bSweet & Maxwell :
_b[distributor] Sweet & Maxwell Ltd :
_b[distributor] Thomson Reuters :
_b[distributor] Thomson Reuters :
_b[distributor] Academic Marketing Services (Pty),
_c2017.
490 _aJCT Contracts 2016
500 _aPaperback.
651 _aUnited Kingdom
942 _n0
999 _c121416
_d121416